Language Quiz

Random Language or Letter Quiz

2 Letter Words Quiz Stats

 Plays Quiz Updated Aug 25, 2015

Score 0/105 Timer 04:00
1 Play Today
Word % Correct
AT
87.4%
AN
85.2%
AS
85%
BE
82.6%
AM
80.5%
AD
78.1%
AB
76.2%
DO
75.6%
AH
74.1%
AA
74.1%
AL
73.6%
BO
73.1%
AE
71.7%
AR
71.7%
IT
71.6%
AG
71.4%
DA
71%
TO
70.6%
BA
70.5%
AI
70.4%
AW
70.3%
BI
69.3%
AY
67.9%
AX
67.2%
IN
65.8%
IS
62.9%
BY
61.6%
NO
60.1%
HE
59.7%
GO
59.5%
DE
59.2%
ON
58.9%
ME
58.9%
HI
57.7%
HO
53.6%
Word % Correct
IF
52.4%
OF
52.2%
SO
51.7%
FA
49.9%
GI
49%
PO
48.6%
HA
48.3%
ER
47.9%
EN
47.4%
ET
47.3%
WE
47.2%
LO
46.4%
MO
46.4%
EL
46%
EM
46%
ED
45%
EH
44.8%
EF
44.7%
ES
44.1%
LA
43.6%
MA
42.4%
FE
42%
MY
41%
OR
39.6%
MI
39.4%
EX
38.7%
TE
37.5%
TI
36.6%
RE
34.7%
NA
34.4%
ID
34.3%
YO
34.2%
LI
33.7%
TA
33.5%
OH
32.7%
Word % Correct
PI
32.2%
PA
31.7%
NE
31.4%
JO
31.3%
OP
30.5%
MU
29.9%
UP
28.1%
SI
27.4%
KA
27.3%
WO
27%
PE
26.3%
YA
25.4%
NU
25.2%
OM
25.1%
US
24.3%
KI
24.3%
OS
24.2%
OD
23.9%
HM
23.8%
YE
23.3%
ZA
22.8%
OW
22.7%
OX
21.3%
OI
21%
OE
20.6%
OY
20.1%
UN
19.3%
MM
18.2%
UM
15.5%
QI
14.3%
XI
14%
UT
13.5%
UH
12.3%
XU
9.1%
SH
7.3%

You're not logged in!

Compare scores with friends on all Sporcle quizzes.
OR
Log In

Sporcle TV

Today on Sporcle TV


Watch our educational content, quiz creation guides, and fun videos on Sporcle TV.

Show Comments

Extras

Top Quizzes Today


Score Distribution

Your Account Isn't Verified!

In order to create a playlist on Sporcle, you need to verify the email address you used during registration. Go to your Sporcle Settings to finish the process.

Report this User

Report this user for behavior that violates our Community Guidelines.

Details: